Dogmatik

Saved in:
Bibliographic Details
Main Author: Nüssel, Friederike (Author)
Format: Chapter/Article
Language:German
Published: 2008
In: Taschenlexikon Religion und Theologie ; Bd. 1: A - F
Year: 2008, Pages: 267-271
Online Access: Get full text
Author Notes:Friederike Nüssel

MARC

LEADER 00000caa a22000002c 4500
001 1436640539
003 DE-627
005 20220810145222.0
007 tu
008 120613s2008 xx ||||| 00| ||ger c
035 |a (DE-627)1436640539 
035 |a (DE-576)366640534 
035 |a (DE-599)BSZ366640534 
035 |a (OCoLC)1340413847 
040 |a DE-627  |b ger  |c DE-627  |e rakwb 
041 |a ger 
084 |a 12  |2 sdnb 
084 |a 1  |2 ssgn 
100 1 |a Nüssel, Friederike  |d 1961-  |0 (DE-588)114358869  |0 (DE-627)555534596  |0 (DE-576)175691460  |4 aut 
245 1 0 |a Dogmatik  |c Friederike Nüssel 
264 1 |c 2008 
300 |a 5 
336 |a Text  |b txt  |2 rdacontent 
337 |a ohne Hilfsmittel zu benutzen  |b n  |2 rdamedia 
338 |a Band  |b nc  |2 rdacarrier 
773 0 8 |i In  |t Taschenlexikon Religion und Theologie ; Bd. 1: A - F  |b 5., völlig neu bearb. u. erw. Aufl.  |d Göttingen : Vandenhoeck & Ruprecht, 2008  |g (2008), Sp. 267-271  |h 390 S.  |w (DE-627)1346175551  |w (DE-576)276175557  |7 nnam  |a Dogmatik 
773 1 8 |g year:2008  |g pages:267-271  |g extent:5  |a Dogmatik 
951 |a AR 
992 |a 20120613 
993 |a BookComponentPart 
994 |a 2008 
998 |g 114358869  |a Nüssel, Friederike  |m 114358869:Nüssel, Friederike  |d 10000  |d 10400  |e 10000PN114358869  |e 10400PN114358869  |k 0/10000/  |k 1/10000/10400/  |p 1  |x j  |y j 
999 |a KXP-PPN1436640539  |e 2715449046 
BIB |a Y 
JSO |a {"physDesc":[{"extent":"5 S."}],"person":[{"display":"Nüssel, Friederike","given":"Friederike","role":"aut","family":"Nüssel"}],"title":[{"title":"Dogmatik","title_sort":"Dogmatik"}],"language":["ger"],"type":{"bibl":"chapter"},"recId":"1436640539","origin":[{"dateIssuedDisp":"2008","dateIssuedKey":"2008"}],"relHost":[{"recId":"1346175551","disp":"DogmatikTaschenlexikon Religion und Theologie ; Bd. 1: A - F","part":{"extent":"5","pages":"267-271","text":"(2008), Sp. 267-271","year":"2008"},"id":{"eki":["1346175551"]},"origin":[{"dateIssuedKey":"2008","editionNo":"5","publisherPlace":"Göttingen","dateIssuedDisp":"2008","publisher":"Vandenhoeck & Ruprecht","edition":"5., völlig neu bearb. u. erw. Aufl."}],"physDesc":[{"extent":"390 S."}],"relMultPart":[{"title":[{"title_sort":"Taschenlexikon Religion und Theologie","title":"Taschenlexikon Religion und Theologie"}],"type":{"bibl":"edited-book"},"language":["ger"],"titleAlt":[{"title":"TRT"}],"person":[{"family":"Horn","role":"edt","given":"Friedrich Wilhelm","display":"Horn, Friedrich Wilhelm"},{"family":"Nüssel","role":"edt","given":"Friederike","display":"Nüssel, Friederike"}],"name":{"displayForm":["hrsg. von Friedrich Wilhelm Horn und Friederike Nüssel"]},"origin":[{"dateIssuedDisp":"2008-","publisher":"Vandenhoeck & Ruprecht","edition":"5., völlig neu bearb. und erw. Aufl.","publisherPlace":"Göttingen","editionNo":"5","dateIssuedKey":"2008"}],"part":{"number_sort":["1"],"number":["1"]},"id":{"isbn":["9783525501245","3525501242"],"eki":["1336731095"]},"ga":1,"recId":"1336731095"}],"type":{"bibl":"book"},"language":["ger"],"title":[{"title":"A - F"}]}],"name":{"displayForm":["Friederike Nüssel"]},"id":{"eki":["1436640539"]}} 
SRT |a NUESSELFRIDOGMATIK2008